Lalla rookh: (Record no. 222853)
[ view plain ]
| 000 -LEADER | |
|---|---|
| fixed length control field | 00753nam a22002297a 4500 |
| 005 - DATE AND TIME OF LATEST TRANSACTION | |
| control field | 20220510091230.0 |
| 008 - FIXED-LENGTH DATA ELEMENTS--GENERAL INFORMATION | |
| fixed length control field | 220510b ||||| |||| 00| 0 eng d |
| 020 ## - INTERNATIONAL STANDARD BOOK NUMBER | |
| International Standard Book Number | 8171678181 |
| 040 ## - CATALOGING SOURCE | |
| Transcribing agency | Aloy |
| 041 ## - LANGUAGE CODE | |
| Language code of text/sound track or separate title | eng |
| 082 ## - DEWEY DECIMAL CLASSIFICATION NUMBER | |
| Edition number | 23 |
| Classification number | 821.75 |
| Item number | MOOL |
| 100 ## - MAIN ENTRY--PERSONAL NAME | |
| Personal name | Thomas Moore |
| 100 ## - MAIN ENTRY--PERSONAL NAME | |
| 9 (RLIN) | 35249 |
| 245 ## - TITLE STATEMENT | |
| Title | Lalla rookh: |
| Remainder of title | An oriental romance |
| 260 ## - PUBLICATION, DISTRIBUTION, ETC. | |
| Place of publication, distribution, etc. | New Delhi: |
| Name of publisher, distributor, etc. | Rupa & Co, |
| Date of publication, distribution, etc. | 2003. |
| 300 ## - PHYSICAL DESCRIPTION | |
| Extent | 379p. |
| Other physical details | PB |
| Dimensions | 21x14cm |
| 365 ## - TRADE PRICE | |
| Price amount | 195.00 |
| Currency code | ₹ |
| Unit of pricing | 195.00 |
| 520 ## - SUMMARY, ETC. | |
| Summary, etc. | Moore's Lalla Rookh can be placed amongst those great works that have withstood the test of time. His description of the East is exquisitely faithful. |
| 650 ## - SUBJECT ADDED ENTRY--TOPICAL TERM | |
| Topical term or geographic name entry element | English Poetry |
| 9 (RLIN) | 35242 |
| 650 ## - SUBJECT ADDED ENTRY--TOPICAL TERM | |
| Topical term or geographic name entry element | English Literature |
| 9 (RLIN) | 35243 |
| 700 ## - ADDED ENTRY--PERSONAL NAME | |
| Personal name | MOORE (Thomas) |
| 9 (RLIN) | 35244 |
| 942 ## - ADDED ENTRY ELEMENTS (KOHA) | |
| Source of classification or shelving scheme | Dewey Decimal Classification |
| Koha item type | George Fernandes Collections |
| Withdrawn status | Lost status | Source of classification or shelving scheme | Damaged status | Not for loan | Collection code | Home library | Current library | Date acquired | Total Checkouts | Full call number | Barcode | Date last seen | Price effective from | Koha item type |
|---|---|---|---|---|---|---|---|---|---|---|---|---|---|---|
| Dewey Decimal Classification | English | St Aloysius Library | St Aloysius Library | 03/24/2013 | 821.75 MOOL | GF02431 | 05/10/2022 | 05/10/2022 | George Fernandes Collections |